Il Decameron.

Guardat en:
Dades bibliogràfiques
Format: Llibre
Idioma:italià
Publicat: Roma : Cremonese, 1958
Col·lecció:I classici azzurri ; 8
Etiquetes: Afegir etiqueta
Sense etiquetes, Sigues el primer a etiquetar aquest registre!

MARC

LEADER 00000nam a22000007ic4500
001 IT\ICCU\TO0\0627653
003 ItRI
005 20260115232301.0
008 980514s1958 it |||||| ||||| |||||c
040 |b ita  |c importazione bologna sebina 
041 7 |a ita  |2 ISO-639-2 
245 0 0 |a Il Decameron.  |c Boccaccio. 
260 |a Roma :  |b Cremonese,  |c 1958 
300 |a 579 p. ;  |c 17 cm. 
773 0 |w IT\ICCU\TO0\0627640  |t Il Decameron  |g 2  |a Boccaccio, Giovanni (1313-1375)  |0 IT\ICCU\CFIV\008443 
830 2 |a I classici azzurri ;  |v 8  |0 IT\ICCU\RAV\0196545 
942 |2 ddc  |c BK  |n 0 
952 |0 0  |1 0  |4 0  |6 DOC_853_100000000000000_BOC  |7 0  |9 23539  |a BO  |b BO  |d 2026-01-15  |i 9965  |l 0  |o DOC 853.1 BOC  |p BO9965  |r 2026-01-15 23:23:01  |w 2026-01-15  |x [Sebina 5] [1 v.]  |y BK  |z 1 v. 
999 |c 20053  |d 20053